EPIC: The Musical - Lyrics Sort #22 - Different Beast - Statistics

General Stats
  • This quiz has been taken 61 times
  • The average score is 35 of 49
Answer Stats
Hint Answer % Correct
Line 2 You've been trying to take my life this whole time
100%
Line 1 Let's cut the charade, you are no wife of mine
97%
Line 3 I know underwater, there are packs of you hiding
92%
Line 4 Yeah, I know exactly what you are, a siren
92%
Line 7 But while you were so focused on turning my men into snacks
86%
Line 6 And my real wife knows I don't have a daughter
83%
Line 5 My real wife knows I'm not scared of the water
83%
Line 8 You didn't notice that your friends got snatched
83%
Line 10 We are a different beast now, we are the ones who feast now [1]
78%
Line 23 we are a different beast now, we are the ones who feast now [2]
75%
Line 9 What?
75%
Line 34 Cut off their tails! We're ending this now
72%
Line 37 He is a different beast now, he is the one who feasts now
72%
Line 39 He is the man-made monster, he is the one who conquers
72%
Line 33 I can't take more risks of not seeing my wife
72%
Line 32 I made a mistake like this, it almost cost my life
72%
Line 20 I read your lips and phrases, scanning for information
72%
Line 17 I realized nearby, there were sirens, singing sailors to their dooms
72%
Line 36 Let them drown (no)
72%
Line 31 Nah, you wouldn't have spared me
72%
Line 22 Now I know how to get back to my island
72%
Line 28 Oh, spare us, please
72%
Line 21 Sirens know about every route and horizon
72%
Line 30 So you can kill the next group of sailors in this part of the sea
72%
Line 35 Throw their bodies back in the water
72%
Line 18 We filled our ears with beeswax, that's how we resist your song
72%
Line 16 While on the run from Poseidon, we found a ship with no crew
72%
Line 19 You pretended to be my wife, so I just played along
72%
Line 24 No more of us deceased, cause we won't take more suffering from you [2]
69%
Line 25 We are the man-made monsters, we are the ones who conquer [2]
69%
Line 26 You are a threat no longer, we won't take more suffering from you [2]
69%
Line 15 First, we slayed in our own war, and now we're here with more foes
67%
Line 38 No more of us deceased, cause he won't take more suffering from you
67%
Line 11 No more of us deceased, cause we won't take more suffering from you [1]
67%
Line 27 Spare us
67%
Line 12 We are the man-made monsters, we are the ones who conquer [1]
67%
Line 29 Why?
67%
Line 40 You are a threat no longer, he won't take more suffering from you
67%
Line 47 Kill 'em all
64%
Line 14 We've been away from home for about 12 years or so
64%
Line 13 You are a threat no longer, we won't take more suffering from you [1]
64%
Line 43 Kill them all [2]
56%
Line 49 Odysseus
56%
Line 44 Oh, whoa-oh-oh, oh, whoa-oh-oh, oh, whoa-oh-oh [2]
56%
Line 46 Oh, whoa-oh-oh, oh, whoa-oh-oh, oh, whoa-oh-oh [3]
56%
Line 48 Oh, whoa-oh-oh, oh, whoa-oh-oh, oh, whoa-oh-oh [4]
56%
Line 45 Kill them all [3]
53%
Line 42 Oh, whoa-oh-oh, oh, whoa-oh-oh, oh, whoa-oh-oh [1]
53%
Line 41 Kill them all [1]
36%
No matching quizzes found
Score Distribution
Percent of People with Each Score
Percentile by Number Answered
Your Score History
You have not taken this quiz